[Event "Titled Tuesday intern op 13th Dec Early"]
[Site "Chess.com INT"]
[Date "2022.12.13"]
[Round "7"]
[White "Thorhallsson, Simon"]
[Black "Yedidia, Daniel"]
[Result "0-1"]
[WhiteElo "2171"]
[BlackElo "2069"]
[PlyCount "102"]
[EventDate "2022.12.13"]
[EventType "swiss (blitz)"]
[EventRounds "11"]
[EventCountry "USA"]
[SourceTitle "EXT 2024"]
[Source "ChessBase"]
[SourceDate "2023.10.10"]
[SourceVersion "1"]
[SourceVersionDate "2023.10.10"]
[SourceQuality "1"]

1. Nf3 Nf6 2. c4 Nc6 3. d4 d5 4. cxd5 Nxd5 5. e4 Nf6 6. e5 Nd5 7. h3 Bf5 8. a3 a6 9. Nc3 e6 10. Bd3 Bg6 11. 0-0 Be7 12. Re1 0-0 13. Bxg6 hxg6 14. Ne4 f6 15. exf6 gxf6 16. Qd3 Kg7 17. Nc3 Nxc3 18. bxc3 Qd7 19. Qe3 Nd8 20. Qh6+ Kf7 21. Qh7+ Ke8 22. Qxg6+ Nf7 23. Bf4 Kd8 24. Qg4 e5 25. Qxd7+ Kxd7 26. dxe5 fxe5 27. Rad1+ Kc6 28. Nxe5+ Nxe5 29. Bxe5 Bxa3 30. h4 Bc5 31. Re2 Rae8 32. Rde1 a5 33. h5 a4 34. h6 Rxe5 35. Rxe5 Bxf2+ 36. Kh2 Bxe1 37. Rxe1 Rf6 38. g4 Rxh6+ 39. Kg3 Kc5 40. g5 Rh8 41. Re5+ Kc4 42. Re4+ Kb3 43. Rb4+ Kxc3 44. Rxa4 b5 45. Ra6 c5 46. g6 b4 47. g7 Rg8 48. Ra7 b3 49. Kf2 b2 50. Rb7 Rxg7 51. Rb5 c4 0-1

[Event "Titled Tuesday intern op 22nd Nov Early"]
[Site "Chess.com INT"]
[Date "2022.11.22"]
[Round "11"]
[White "Ginzburg, Yakov"]
[Black "Thorhallsson, Simon"]
[Result "1-0"]
[WhiteElo "2405"]
[BlackElo "2171"]
[PlyCount "111"]
[EventDate "2022.11.22"]
[EventType "swiss (blitz)"]
[EventRounds "11"]
[EventCountry "USA"]
[SourceTitle "CBM 211 Extra"]
[Source "ChessBase"]
[SourceDate "2023.01.31"]
[SourceVersion "1"]
[SourceVersionDate "2023.01.31"]
[SourceQuality "1"]

1. e4 c5 2. Nf3 e6 3. d4 cxd4 4. Nxd4 a6 5. Bd3 Bc5 6. Be3 Qb6 7. c3 e5 8. Nf5 Bxe3 9. Nxe3 Nf6 10. 0-0 0-0 11. Nd2 d6 12. Qb3 Qc7 13. Ndc4 Be6 14. Qb6 Qe7 15. Qxd6 Qxd6 16. Nxd6 Rd8 17. Nxb7 Rxd3 18. Nc5 Rd8 19. Rfd1 Nc6 20. b4 Nd7 21. Nxe6 fxe6 22. Rd6 Rac8 23. Rxe6 Nf8 24. Rxc6 Rxc6 25. Nd5 Kf7 26. a4 Ra8 27. g3 Ne6 28. Ra3 Nc7 29. Ne3 Rd8 30. Kg2 Rd3 31. b5 axb5 32. axb5 Nxb5 33. Ra5 Nxc3 34. Rxe5 Re6 35. Rf5+ Rf6 36. Re5 Re6 37. Rf5+ Ke8 38. e5 g6 39. Rg5 Ne4 40. Rg4 Nc5 41. Nc4 Nd7 42. f4 Nf8 43. Rh4 Kf7 44. Nd6+ Rdxd6 45. exd6 Rxd6 46. g4 Kf6 47. Rh3 Ra6 48. Rb3 Ra2+ 49. Kg3 Ne6 50. h4 Rd2 51. g5+ Kf5 52. Rb5+ Ke4 53. Re5+ Kd4 54. Rxe6 Rd3+ 55. Kg4 Rd1 56. Rd6+ 1-0

[Event "Titled Tuesday intern op 22nd Nov Early"]
[Site "Chess.com INT"]
[Date "2022.11.22"]
[Round "2"]
[White "Martin, Lewis"]
[Black "Thorhallsson, Simon"]
[Result "1-0"]
[WhiteElo "2135"]
[BlackElo "2171"]
[PlyCount "65"]
[EventDate "2022.11.22"]
[EventType "swiss (blitz)"]
[EventRounds "11"]
[EventCountry "USA"]
[SourceTitle "CBM 211 Extra"]
[Source "ChessBase"]
[SourceDate "2023.01.31"]
[SourceVersion "1"]
[SourceVersionDate "2023.01.31"]
[SourceQuality "1"]

1. e4 d6 2. d4 Nf6 3. Nc3 g6 4. g3 Bg7 5. Bg2 0-0 6. Nge2 c6 7. 0-0 Qc7 8. f4 e5 9. h3 Nbd7 10. Be3 exd4 11. Nxd4 Re8 12. Re1 Nc5 13. Bf2 Ne6 14. Nb3 Nf8 15. Qd2 Be6 16. Rad1 Rad8 17. g4 Bc4 18. g5 Nh5 19. Bf3 d5 20. exd5 Nxf4 21. Bg3 Nxh3+ 22. Kh2 Qc8 23. Rxe8 Rxe8 24. d6 Qf5 25. Bg2 Nxg5 26. Nd4 Bxd4 27. Qxd4 Be6 28. Rf1 Qxc2 29. Rf2 Qc1 30. Bf4 Qe1 31. Bxg5 Bc8 32. Qf6 Re5 33. Qxf7+ 1-0

[Event "Titled Tuesday intern op 22nd Nov Early"]
[Site "Chess.com INT"]
[Date "2022.11.22"]
[Round "6"]
[White "Thorhallsson, Simon"]
[Black "Gabdrakhmanov, Azat"]
[Result "0-1"]
[WhiteElo "2171"]
[BlackElo "2319"]
[PlyCount "76"]
[EventDate "2022.11.22"]
[EventType "swiss (blitz)"]
[EventRounds "11"]
[EventCountry "USA"]
[SourceTitle "CBM 211 Extra"]
[Source "ChessBase"]
[SourceDate "2023.01.31"]
[SourceVersion "1"]
[SourceVersionDate "2023.01.31"]
[SourceQuality "1"]

1. Nf3 c5 2. g3 Nf6 3. Bg2 e6 4. 0-0 Be7 5. b3 0-0 6. Bb2 d6 7. d3 Nc6 8. Nbd2 Bd7 9. e4 e5 10. Nc4 Re8 11. Ne3 Bf8 12. Nd2 Rc8 13. f4 exf4 14. gxf4 Nd4 15. Nf3 Ng4 16. Nd5 Nxf3+ 17. Bxf3 Qh4 18. Qe2 Be6 19. Ne3 Nxe3 20. Qxe3 d5 21. Kh1 d4 22. Qd2 Bh3 23. Rg1 g6 24. Bg2 Bh6 25. Bxh3 Qxh3 26. Raf1 f5 27. exf5 Qxf5 28. Bc1 Rc7 29. Re1 Rce7 30. Rxe7 Rxe7 31. Re1 Qd5+ 32. Kg1 Bxf4 33. Qf2 Rxe1+ 34. Qxe1 Qg5+ 35. Kh1 Bxc1 36. Qe6+ Kg7 37. Qd7+ Kh6 38. Qh3+ Qh5 0-1

[Event "Titled Tuesday intern op 22nd Nov Early"]
[Site "Chess.com INT"]
[Date "2022.11.22"]
[Round "1"]
[White "Thorhallsson, Simon"]
[Black "Ivic, Velimir"]
[Result "0-1"]
[WhiteElo "2171"]
[BlackElo "2560"]
[PlyCount "54"]
[EventDate "2022.11.22"]
[EventType "swiss (blitz)"]
[EventRounds "11"]
[EventCountry "USA"]
[SourceTitle "CBM 211 Extra"]
[Source "ChessBase"]
[SourceDate "2023.01.31"]
[SourceVersion "1"]
[SourceVersionDate "2023.01.31"]
[SourceQuality "1"]

1. e4 c5 2. Nc3 e6 3. Nge2 Nc6 4. g3 Nf6 5. Bg2 d6 6. 0-0 Be7 7. f4 0-0 8. h3 a6 9. a4 Qc7 10. d3 Rb8 11. g4 b5 12. axb5 axb5 13. Ng3 Nd4 14. Nce2 b4 15. f5 Nd7 16. g5 d5 17. f6 Nxe2+ 18. Qxe2 gxf6 19. gxf6 Bxf6 20. Nh5 Bd4+ 21. Kh1 Kh8 22. Bh6 Bb7 23. exd5 Rg8 24. Rxf7 Rxg2 25. Kxg2 Bxd5+ 26. Kf1 Rg8 27. Bf4 Rg1# 0-1

[Event "Titled Tuesday intern op 22nd Nov Early"]
[Site "Chess.com INT"]
[Date "2022.11.22"]
[Round "9"]
[White "Thorhallsson, Simon"]
[Black "Kleiman, Jake"]
[Result "0-1"]
[WhiteElo "2171"]
[BlackElo "2399"]
[PlyCount "100"]
[EventDate "2022.11.22"]
[EventType "swiss (blitz)"]
[EventRounds "11"]
[EventCountry "USA"]
[SourceTitle "CBM 211 Extra"]
[Source "ChessBase"]
[SourceDate "2023.01.31"]
[SourceVersion "1"]
[SourceVersionDate "2023.01.31"]
[SourceQuality "1"]

1. Nf3 Nf6 2. d4 e6 3. e3 d5 4. Bd3 c5 5. b3 Nc6 6. Bb2 Be7 7. dxc5 Bxc5 8. 0-0 0-0 9. Nbd2 Qe7 10. a3 a5 11. Qe2 b6 12. e4 Bb7 13. e5 Nd7 14. g3 h6 15. Kg2 Rae8 16. Nh4 Bd4 17. Bxd4 Nxd4 18. Qg4 Qc5 19. Rfe1 Nxc2 20. Rec1 Nxa1 21. Rxc5 Nxc5 22. Bb1 Naxb3 23. Nxb3 Nxb3 24. Qd1 Nc5 25. Qc2 d4+ 26. Kh3 Be4 27. Qd1 Bxb1 28. Qxb1 d3 29. Nf3 Rd8 30. Nd2 Rb8 31. Qb5 Rfd8 32. Kg2 h5 33. h4 Rd5 34. Qc6 b5 35. Qc7 Ra8 36. Qc6 Rb8 37. Qc7 Rbd8 38. Qxa5 g6 39. Qxb5 Ne4 40. Qb4 Nxd2 41. Qxd2 Rxe5 42. Kf3 Re2 43. Qd1 Ra2 44. a4 d2 45. Ke2 Ra3 46. f3 Rc3 47. a5 Rc1 48. Qxd2 Rxd2+ 49. Kxd2 Ra1 50. a6 Rxa6 0-1

[Event "Titled Tuesday intern op 15th Nov Late"]
[Site "Chess.com INT"]
[Date "2022.11.15"]
[Round "1"]
[White "Ivic, Velimir"]
[Black "Thorhallsson, Simon"]
[Result "1-0"]
[WhiteElo "2560"]
[BlackElo "2171"]
[PlyCount "83"]
[EventDate "2022.11.15"]
[EventType "swiss (blitz)"]
[EventRounds "11"]
[EventCountry "USA"]
[SourceTitle "CBM 211 Extra"]
[Source "ChessBase"]
[SourceDate "2023.01.31"]
[SourceVersion "1"]
[SourceVersionDate "2023.01.31"]
[SourceQuality "1"]

1. d4 Nf6 2. c4 e5 3. dxe5 Ng4 4. Nf3 Bc5 5. e3 Nc6 6. Nc3 0-0 7. Be2 Re8 8. 0-0 Ncxe5 9. Nxe5 Nxe5 10. b3 a5 11. Bb2 Ra6 12. Nd5 Rh6 13. Nf4 d6 14. Bd4 Bxd4 15. Qxd4 b6 16. Nd5 Ree6 17. g3 Bb7 18. f4 Nc6 19. Qd2 Ne7 20. Bf3 c6 21. Nc3 d5 22. cxd5 cxd5 23. Rfd1 Rd6 24. Nb5 Rd7 25. Nd4 Nc6 26. Rac1 Nxd4 27. Qxd4 Re6 28. Rc3 Rdd6 29. a3 h6 30. h4 Qe7 31. Kf2 Rd7 32. b4 axb4 33. axb4 Rc6 34. Rdc1 Rxc3 35. Rxc3 Rc7 36. h5 Qd7 37. Bg4 Qd8 38. Bf5 Rxc3 39. Qxc3 Qe8 40. Qc7 Ba8 41. Qxb6 Qd8 42. Qxd8# 1-0

[Event "Titled Tuesday intern op 15th Nov Early"]
[Site "Chess.com INT"]
[Date "2022.11.15"]
[Round "10"]
[White "Leve, Nitai D"]
[Black "Thorhallsson, Simon"]
[Result "0-1"]
[WhiteElo "2128"]
[BlackElo "2171"]
[PlyCount "112"]
[EventDate "2022.11.15"]
[EventType "swiss (blitz)"]
[EventRounds "11"]
[EventCountry "USA"]
[SourceTitle "CBM 211 Extra"]
[Source "ChessBase"]
[SourceDate "2023.01.31"]
[SourceVersion "1"]
[SourceVersionDate "2023.01.31"]
[SourceQuality "1"]

1. e4 c5 2. Nf3 d6 3. d4 cxd4 4. Qxd4 Nc6 5. Bb5 Bd7 6. Bxc6 Bxc6 7. Nc3 Nf6 8. Bg5 e6 9. 0-0-0 Be7 10. Qd3 0-0 11. Nd4 Qa5 12. f4 Rac8 13. f5 Bd7 14. Bxf6 Bxf6 15. Nb3 Qb6 16. Qxd6 Qe3+ 17. Kb1 Bxc3 18. Qxd7 Bf6 19. fxe6 Qxe4 20. exf7+ Kh8 21. Rd3 Qxg2 22. Rc1 Rcd8 23. Qf5 Rxd3 24. Qxd3 Qxh2 25. Re1 Qb8 26. Nc5 Rxf7 27. Qd5 Qg8 28. Nxb7 Rc7 29. Qxg8+ Kxg8 30. Nd6 Rd7 31. Nf5 h5 32. c4 g6 33. Ne3 Rd2 34. b4 Rb2+ 35. Kc1 Rxb4 36. Nd5 Rxc4+ 37. Kb1 Bg7 38. Ne7+ Kh7 39. Rg1 Rb4+ 40. Kc2 Ra4 41. Nxg6 Rxa2+ 42. Kd3 Ra3+ 43. Ke4 Ra4+ 44. Kd5 Rg4 45. Rxg4 hxg4 46. Nf4 Kh6 47. Ke4 Kg5 48. Ne6+ Kf6 49. Nd4 Bh6 50. Nb5 a5 51. Nd6 a4 52. Nc4 Kg5 53. Ke3 Kh4+ 54. Kf2 Kh3 55. Kg1 Kg3 56. Ne5 a3 0-1

[Event "Titled Tuesday intern op 15th Nov Early"]
[Site "Chess.com INT"]
[Date "2022.11.15"]
[Round "8"]
[White "Thorhallsson, Simon"]
[Black "Kula, Robert"]
[Result "1-0"]
[WhiteElo "2171"]
[BlackElo "2284"]
[PlyCount "91"]
[EventDate "2022.11.15"]
[EventType "swiss (blitz)"]
[EventRounds "11"]
[EventCountry "USA"]
[SourceTitle "CBM 211 Extra"]
[Source "ChessBase"]
[SourceDate "2023.01.31"]
[SourceVersion "1"]
[SourceVersionDate "2023.01.31"]
[SourceQuality "1"]

1. Nf3 d5 2. g3 c5 3. Bg2 Nc6 4. d4 e6 5. 0-0 Nf6 6. c4 Be7 7. cxd5 exd5 8. dxc5 Bxc5 9. a3 a5 10. Qc2 Be7 11. Rd1 0-0 12. Nc3 Be6 13. Ng5 Rc8 14. Nxd5 Bxd5 15. Bxd5 Nb4 16. Bxf7+ Kh8 17. Qb3 Nc2 18. Rxd8 Rfxd8 19. Rb1 Rd1+ 20. Kg2 h6 21. Nf3 Ne1+ 22. Nxe1 Rxe1 23. Qe6 Rcxc1 24. Rxc1 Rxc1 25. Qxe7 Kh7 26. Qxb7 h5 27. Qb5 h4 28. Qf5+ Kh8 29. Bg6 hxg3 30. hxg3 Rc7 31. Qxa5 Rc8 32. Qf5 Rd8 33. a4 Kg8 34. a5 Nd5 35. Qe6+ Kh8 36. Qh3+ Kg8 37. Qh7+ Kf8 38. Qh8+ Ke7 39. Qxg7+ Kd6 40. a6 Rd7 41. Qd4 Kc6 42. Be4 Kb5 43. Bxd5 Kxa6 44. Bc4+ Ka5 45. Qxd7 Kb4 46. Qb5# 1-0

[Event "Titled Tuesday intern op 25th Oct Early"]
[Site "Chess.com INT"]
[Date "2022.10.25"]
[Round "6"]
[White "Kozak, Antoni"]
[Black "Thorhallsson, Simon"]
[Result "1-0"]
[WhiteElo "2440"]
[BlackElo "2171"]
[PlyCount "127"]
[EventDate "2022.10.25"]
[EventType "swiss (blitz)"]
[EventRounds "11"]
[EventCountry "USA"]
[SourceTitle "EXT 2024"]
[Source "ChessBase"]
[SourceDate "2023.10.10"]
[SourceVersion "1"]
[SourceVersionDate "2023.10.10"]
[SourceQuality "1"]

1. e4 c5 2. Nf3 e6 3. g3 a6 4. Bg2 b5 5. 0-0 Bb7 6. Re1 Be7 7. c3 d6 8. d4 Nd7 9. a4 Ngf6 10. e5 dxe5 11. dxe5 Nd5 12. Na3 0-0 13. Qe2 c4 14. h4 Nc5 15. axb5 axb5 16. Bg5 Nd3 17. Red1 Qb6 18. Bxe7 Nxe7 19. Nd4 Bxg2 20. Kxg2 Nc6 21. Naxb5 Rxa1 22. Rxa1 Ncxe5 23. Qe4 f5 24. Qe2 f4 25. Qe4 fxg3 26. fxg3 Nf7 27. Ra8 e5 28. Rxf8+ Kxf8 29. Qa8+ Ke7 30. Nf5+ Kf6 31. Qe4 Qf2+ 32. Kh1 Qf1+ 33. Kh2 Qxf5 34. Qxc4 Qf2+ 35. Kh1 Qf1+ 36. Kh2 Qe2+ 37. Kg1 Qe1+ 38. Kh2 Qe2+ 39. Kg1 g6 40. Qc6+ Kg7 41. b4 e4 42. Nd4 Qf2+ 43. Kh1 e3 44. Ne6+ Kh6 45. Qa8 Qf1+ 46. Kh2 Qe2+ 47. Kh1 Nf2+ 48. Kg1 Nh3+ 49. Kh1 Qf1+ 50. Kh2 e2 51. Qf8+ Kh5 52. Ng7+ Kg4 53. Qc8+ Kf3 54. Qc6+ Ke3 55. Qe6+ Kd2 56. Qd5+ Ke1 57. Ne6 Nf2 58. g4 Qh1+ 59. Qxh1+ Nxh1 60. Nf4 Nf2 61. b5 Kd2 62. Nxe2 Kxe2 63. b6 Nd3 64. b7 1-0

[Event "Titled Tuesday intern op 25th Oct Early"]
[Site "Chess.com INT"]
[Date "2022.10.25"]
[Round "8"]
[White "Peyrer, Konstantin"]
[Black "Thorhallsson, Simon"]
[Result "1-0"]
[WhiteElo "2402"]
[BlackElo "2171"]
[PlyCount "55"]
[EventDate "2022.10.25"]
[EventType "swiss (blitz)"]
[EventRounds "11"]
[EventCountry "USA"]
[SourceTitle "EXT 2024"]
[Source "ChessBase"]
[SourceDate "2023.10.10"]
[SourceVersion "1"]
[SourceVersionDate "2023.10.10"]
[SourceQuality "1"]

1. e4 c5 2. Nf3 e6 3. d3 d5 4. Nbd2 Nf6 5. g3 Nc6 6. Bg2 Be7 7. 0-0 0-0 8. Re1 b5 9. e5 Nd7 10. Nf1 a5 11. h4 a4 12. N1h2 b4 13. Ng4 Ba6 14. Bf4 Nd4 15. Nxd4 cxd4 16. h5 b3 17. axb3 axb3 18. cxb3 Qb6 19. Ra4 Nc5 20. Rxd4 Nxb3 21. Ra4 Nc5 22. Ra3 Qxb2 23. Bc1 Qb1 24. Bf1 Bb5 25. Nf6+ Kh8 26. h6 gxf6 27. Qg4 Rg8 28. Rxa8 1-0

[Event "Titled Tuesday intern op 25th Oct Early"]
[Site "Chess.com INT"]
[Date "2022.10.25"]
[Round "1"]
[White "Vasquez Schroder, Rodrigo Rafael"]
[Black "Thorhallsson, Simon"]
[Result "0-1"]
[WhiteElo "2520"]
[BlackElo "2171"]
[PlyCount "56"]
[EventDate "2022.10.25"]
[EventType "swiss (blitz)"]
[EventRounds "11"]
[EventCountry "USA"]
[SourceTitle "EXT 2024"]
[Source "ChessBase"]
[SourceDate "2023.10.10"]
[SourceVersion "1"]
[SourceVersionDate "2023.10.10"]
[SourceQuality "1"]

1. e4 c5 2. Nf3 e6 3. d4 cxd4 4. Nxd4 a6 5. Bd3 Nf6 6. 0-0 Bc5 7. Nb3 Ba7 8. e5 Nd5 9. Qg4 Ne7 10. Qxg7 Rg8 11. Qxh7 b5 12. Nc3 Bb7 13. Be4 Nbc6 14. Be3 Qc7 15. Bxa7 Rxa7 16. f4 b4 17. Na4 Na5 18. Nxa5 Qxa5 19. b3 Bxe4 20. Qxe4 Rc7 21. a3 bxa3 22. Rxa3 Qd2 23. c4 d5 24. exd6 Qxd6 25. Ra2 Kf8 26. Qe5 Qc6 27. Rd2 Rd7 28. Rxd7 Qxg2# 0-1

[Event "Titled Tuesday intern op 18th Oct Early"]
[Site "Chess.com INT"]
[Date "2022.10.18"]
[Round "2"]
[White "Morales, Yandri"]
[Black "Thorhallsson, Simon"]
[Result "0-1"]
[WhiteElo "2031"]
[BlackElo "2171"]
[PlyCount "60"]
[EventDate "2022.10.18"]
[EventType "swiss (blitz)"]
[EventRounds "11"]
[EventCountry "USA"]
[SourceTitle "EXT 2024"]
[Source "ChessBase"]
[SourceDate "2023.10.10"]
[SourceVersion "1"]
[SourceVersionDate "2023.10.10"]
[SourceQuality "1"]

1. e4 c5 2. Nf3 e6 3. d4 cxd4 4. Nxd4 a6 5. Nc3 b5 6. Be3 Bb7 7. f3 Qc7 8. Qd2 Nf6 9. g4 Nc6 10. 0-0-0 Ne5 11. g5 Nh5 12. f4 Nc4 13. Bxc4 bxc4 14. Rhf1 Bb4 15. Qe2 g6 16. Nb1 Bxe4 17. Nd2 Bd5 18. c3 Bd6 19. f5 0-0 20. f6 Rab8 21. N2f3 Be4 22. Qf2 Nf4 23. Ne1 Nh5 24. Ne2 Rxb2 25. Ng2 Rc2+ 26. Kb1 Rb8+ 27. Ka1 Ba3 28. Rb1 Rbb2 29. Rxb2 Bxb2+ 30. Kb1 Rxe2# 0-1